[Event "CRO-chT U16 9th"]
[Site "Krapinske Toplice"]
[Date "2014.12.27"]
[Round "1.22"]
[White "Zec, Dorijan"]
[Black "Marcinkovic, David"]
[Result "1-0"]
[WhiteElo "1565"]
[BlackElo "1732"]
[PlyCount "51"]
[EventDate "2014.12.27"]
[EventType "team-tourn"]
[EventRounds "7"]
[EventCountry "CRO"]
[SourceTitle "EXT 2019"]
[Source "ChessBase"]
[SourceDate "2018.10.10"]
[SourceVersion "1"]
[SourceVersionDate "2018.10.10"]
[SourceQuality "1"]

1. e4 e5 2. Nf3 Nc6 3. d3 h6 4. c4 Nf6 5. Nc3 Bc5 6. h3 0-0 7. Be2 a5 8. 0-0 d6 9. Nd5 Nd4 10. Nxd4 Bxd4 11. Rb1 Ne8 12. Be3 Ba7 13. Bxa7 Rxa7 14. Ne3 f5 15. exf5 Bxf5 16. Nxf5 Rxf5 17. Bf3 c6 18. Re1 Qh4 19. Qe2 Nc7 20. Rbd1 Rg5 21. Bg4 Rg6 22. Qe4 Rf6 23. Be6+ Nxe6 24. Qxh4 Nd4 25. c5 Rg6 26. Qd8+ 1-0

[Event "Krk Golden Island op 2nd"]
[Site "Malinska"]
[Date "2014.04.12"]
[Round "9"]
[White "Unutmaz, Ergun"]
[Black "Zec, Dorijan"]
[Result "0-1"]
[WhiteElo "1429"]
[BlackElo "1483"]
[PlyCount "92"]
[EventDate "2014.04.06"]
[EventType "swiss"]
[EventRounds "9"]
[EventCountry "CRO"]
[SourceTitle "CBM 159 Extra"]
[Source "ChessBase"]
[SourceDate "2014.04.24"]
[SourceVersion "1"]
[SourceVersionDate "2014.04.24"]
[SourceQuality "1"]

1. d4 Nf6 2. c4 e6 3. Nf3 d5 4. Bf4 Bb4+ 5. Nc3 c6 6. e3 Qa5 7. Bd3 dxc4 8. Bxc4 Bxc3+ 9. bxc3 Qxc3+ 10. Nd2 Ne4 11. Rc1 Qxd2+ 12. Qxd2 Nxd2 13. Kxd2 0-0 14. Ke2 b6 15. Rhd1 Bb7 16. Kf1 Na6 17. Kg1 Rac8 18. Bb3 h6 19. Bg3 Rfd8 20. a3 c5 21. Rc4 Bd5 22. Rc3 Bxb3 23. Rxb3 cxd4 24. exd4 Rxd4 25. Rbb1 Rxd1+ 26. Rxd1 Nc5 27. h3 Kf8 28. Bd6+ Ke8 29. Be5 f6 30. Bc3 Rd8 31. Re1 e5 32. Bb4 Nd3 33. Re4 Nxb4 34. axb4 Rd4 35. f3 Rxe4 36. fxe4 Kd7 37. Kf2 Kc6 38. h4 h5 39. Kf3 Kb5 40. g4 g6 41. g5 fxg5 42. hxg5 Kxb4 43. Ke3 Kb3 44. Kd2 Kb2 45. Kd3 b5 46. Kd2 a5 0-1

[Event "Krk Golden Island op 2nd"]
[Site "Malinska"]
[Date "2014.04.09"]
[Round "5"]
[White "Zec, Dorijan"]
[Black "Bratkovic, Sham"]
[Result "0-1"]
[WhiteElo "1483"]
[BlackElo "2101"]
[PlyCount "86"]
[EventDate "2014.04.06"]
[EventType "swiss"]
[EventRounds "9"]
[EventCountry "CRO"]
[SourceTitle "CBM 159 Extra"]
[Source "ChessBase"]
[SourceDate "2014.04.24"]
[SourceVersion "1"]
[SourceVersionDate "2014.04.24"]
[SourceQuality "1"]

1. e4 c5 2. Nf3 e6 3. d4 cxd4 4. Nxd4 Nc6 5. Nc3 Qc7 6. Be3 a6 7. a3 Nf6 8. Bd3 Ne5 9. h3 Bc5 10. Qd2 d6 11. f4 Ng6 12. Nb3 Bxe3 13. Qxe3 Bd7 14. g4 Bc6 15. 0-0-0 0-0-0 16. Rhf1 Kb8 17. f5 Ne5 18. Nd4 Qb6 19. Nxc6+ Qxc6 20. Kb1 h6 21. Be2 Rc8 22. Qd4 Rhd8 23. Qb4 Rd7 24. Bd3 Qc5 25. Qxc5 dxc5 26. Ne2 c4 27. fxe6 fxe6 28. Nf4 cxd3 29. cxd3 Re8 30. Kc2 Nc6 31. Ng6 Rc7 32. Kb1 Nd4 33. Rf4 Nd7 34. e5 Nc6 35. Rc1 Ndxe5 36. Nxe5 Nxe5 37. Rxc7 Kxc7 38. d4 Nc6 39. Kc2 Rd8 40. Kc3 Ne7 41. Re4 Kd6 42. b4 Nd5+ 43. Kb3 Rc8 0-1

[Event "Krk Golden Island op 2nd"]
[Site "Malinska"]
[Date "2014.04.08"]
[Round "4"]
[White "Kukic, Lora"]
[Black "Zec, Dorijan"]
[Result "0-1"]
[WhiteElo "1882"]
[BlackElo "1483"]
[PlyCount "84"]
[EventDate "2014.04.06"]
[EventType "swiss"]
[EventRounds "9"]
[EventCountry "CRO"]
[SourceTitle "CBM 159 Extra"]
[Source "ChessBase"]
[SourceDate "2014.04.24"]
[SourceVersion "1"]
[SourceVersionDate "2014.04.24"]
[SourceQuality "1"]

1. d4 Nf6 2. Nf3 e6 3. c4 d5 4. Bg5 Be7 5. Nc3 0-0 6. e3 c6 7. Qc2 Nbd7 8. cxd5 exd5 9. Bd3 h6 10. Bh4 b6 11. h3 Bb7 12. g4 Ne8 13. Bg3 Bd6 14. Ne5 Bxe5 15. dxe5 c5 16. 0-0 Qe7 17. f4 Nc7 18. Rae1 Rfd8 19. Qa4 a6 20. Bb1 Nf8 21. Qc2 b5 22. Qf5 g6 23. Qc2 d4 24. exd4 cxd4 25. Ne4 Nd5 26. Qd3 Nb4 27. Qd2 Nd5 28. Bf2 Nb4 29. Nd6 Nc6 30. Be4 Ne6 31. Rc1 Rxd6 32. exd6 Qxd6 33. Bg3 Nc5 34. Bxc6 Bxc6 35. Qb4 Qd5 36. Qd2 Qh1+ 37. Kf2 Qg2+ 38. Ke1 Re8+ 39. Kd1 Bf3+ 40. Kc2 Re2 41. Qxe2 Qxe2+ 42. Kb1 Nd3 0-1

[Event "CRO-chT U16 (2013) final"]
[Site "Rijeka"]
[Date "2014.01.10"]
[Round "4.1"]
[White "Zec, Dorijan"]
[Black "Bulic Braculj, Luka"]
[Result "0-1"]
[WhiteElo "1500"]
[BlackElo "1657"]
[PlyCount "98"]
[EventDate "2014.01.09"]
[EventType "team-tourn"]
[EventRounds "7"]
[EventCountry "CRO"]
[SourceTitle "EXT 2023"]
[Source "ChessBase"]
[SourceDate "2022.10.05"]
[SourceVersion "1"]
[SourceVersionDate "2022.10.05"]
[SourceQuality "1"]

1. e4 c5 2. Nf3 g6 3. d4 cxd4 4. Nxd4 Nc6 5. Be3 Nf6 6. Nxc6 bxc6 7. Nc3 Bg7 8. Bd3 0-0 9. h3 d5 10. exd5 cxd5 11. Bd4 Re8 12. Bxf6 Bxf6 13. 0-0 Bb7 14. Ne2 Qc7 15. c3 e5 16. Bc2 Rad8 17. Qd2 Qc6 18. f3 Re7 19. Kh1 Red7 20. Rac1 Qb6 21. Bb3 d4 22. cxd4 exd4 23. Ng3 a5 24. Ne4 Be7 25. Bc4 Bb4 26. Qd3 Bd5 27. Bxd5 Rxd5 28. Rfd1 f5 29. Ng3 Qb5 30. Ne2 Qxd3 31. Rxd3 Kf7 32. Rc7+ Be7 33. Rc4 Bf6 34. Rc7+ R5d7 35. Rxd7+ Rxd7 36. Kg1 Rb7 37. b3 g5 38. Kf2 h5 39. f4 gxf4 40. Nxf4 h4 41. Kf3 Be5 42. Ne2 Rd7 43. Kf2 Ke7 44. g3 hxg3+ 45. Nxg3 Kf6 46. Ne2 Kg5 47. Ng3 Rc7 48. Kf3 Bxg3 49. Kxg3 Rc3 0-1